|
|
|
|
| LEADER |
00000nam0a2200000 4500 |
| 001 |
286493 |
| 005 |
20231101235910.0 |
| 035 |
|
|
|a (RuTPU)RU\TPU\book\310808
|
| 090 |
|
|
|a 286493
|
| 100 |
|
|
|a 20150305d1985 m y0rusy50 ca
|
| 101 |
0 |
|
|a rus
|
| 102 |
|
|
|a UA
|
| 105 |
|
|
|a a z 001zy
|
| 200 |
1 |
|
|a Эргономика в приборостроении
|f А. А. Борисюк
|
| 210 |
|
|
|a Киев
|c Технiка
|d 1985
|
| 215 |
|
|
|a 165 с.
|c ил.
|
| 320 |
|
|
|a Библиогр.: с. 161-165
|
| 606 |
1 |
|
|a Эргономика (приборостроение)
|2 stltpush
|3 (RuTPU)RU\TPU\subj\21404
|9 46404
|
| 610 |
1 |
|
|a приборы
|
| 610 |
1 |
|
|a приборы
|
| 610 |
1 |
|
|a восприятие
|
| 610 |
1 |
|
|a опознание
|
| 610 |
1 |
|
|a приборы
|
| 610 |
1 |
|
|a контроль
|
| 675 |
|
|
|a 681.2
|v 3
|
| 700 |
|
1 |
|a Борисюк
|b А. А.
|g Анатолий Алексеевич
|
| 801 |
|
1 |
|a RU
|b 63413507
|c 20150305
|
| 801 |
|
2 |
|a RU
|b 63413507
|c 20180320
|g RCR
|
| 942 |
|
|
|c BK
|